Представление документа в формате MARC21

ПолеНазваниеЗначение
  Тип записи a
  Библиографический уровень m
001 Контрольный номер RU\infra-m\znanium\bibl\2159763
005 Дата корректировки 20260429142320.2
008 Кодируемые данные 260331s2025 RU g rus u
020 Индекс ISBN __
a ISBN 978-5-16-020121-4
020 Индекс ISBN __
a ISBN 978-5-16-105755-1 (электр. издание)
040 Источник каталогиз. __
a Служба первич. каталог. Общество с ограниченной ответственностью «ЗНАНИУМ»
041 Код языка издания __
a Код языка текста rus
044 Код страны публикации __
a Код страны публикации RU
080 Индекс УДК __
a Индекс УДК 631.3(075.8)
084 Индекс другой классификации/Индекс ББК __
2 Источник индекса rubbk
a Индекс другой классификации/Индекс ББК 40.72я73
084 Индекс другой классификации/Индекс ББК __
2 Источник индекса okso
a Индекс другой классификации/Индекс ББК 35.03.06
100 Автор __
a Автор Капустин В.П.
q Полное имя Капустин Василий Петрович
u Дополнение Тамбовский государственный технический университет
245 Заглавие __
a Заглавие Сельскохозяйственные машины
b Продолж. заглавия Учебное пособие
c Ответственность Тамбовский государственный технический университет
250 Сведения об издании __
a Основные сведения об издании 1
260 Выходные данные __
a Место издания Москва
b Издательство ООО "Научно-издательский центр ИНФРА-М"
c Дата издания 2025
300 Физическое описание __
a Объем 280 с.
440 Серия __
a Серия Высшее образование
520 Аннотация __
a Аннотация В учебном пособии представлены способы и средства регулировки и настройки машин и агрегатов на оптимальные режимы работы приборы и приспособления для регулировки и настройки сельскохозяйственных машин рекомендованные к внедрению Центральной государственной машиноиспытательной станцией ЦЧО МИС и КубНИИТиМ. Содержит технические требования предъявляемые к сельскохозяйственным машинам. Приведена классификация способов и средств регулировки основных сельскохозяйственных машин их узлов рабочих органов и агрегатов описаны правила проведения регулировок организация подготовки сельскохозяйственных машин и агрегатов на регулировочной площадке и техника безопасности при подготовке машин к работе. Представлены задачи а также решения типовых задач по каждому разделу. Предназначено для бакалавров 2-го и 3-го курсов направления подготовки 35.03.06 всех форм обучения. Будет полезно аспирантам занимающимся совершенствованием рабочих органов сельскохозяйственных машин и орудий и магистрам обучающимся по направлению подготовки 35.04.06 «Агроинженерия».
521 Примеч. о цел. назн. __
a Примеч. о целев. назн. ВО - Бакалавриат
650 Тематические рубрики __
a Основная рубрика Сельское хозяйство
x Основная подрубрика Техническое оснащение сельского хозяйства
655 Указ. предметных рубрик (устаревшее) __
a Жанр/ форма (устаревшее) Учебное пособие
700 Другие авторы __
a Другие авторы Глазков Ю.Е.
q Полное имя Глазков Юрий Евгеньевич
u Дополнение Тамбовский государственный технический университет
856 Электронный адрес документа 4_
a Имя сервера/домена znanium.ru
m Помощь ebs_support@infra-m.ru
n Местонахождение сервера НИЦ ИНФРА-М
u URL https://znanium.ru/catalog/document?id=462287
856 Электронный адрес документа 48
a Имя сервера/домена znanium.ru
d Путь /cover/2159
f Электронное имя 2159763.jpg
q Тип электронного формата image/jpeg
u URL https://znanium.ru/cover/2159/2159763.jpg
911 __
u 0030=https://znanium.ru/catalog/document?id=462287